01100cam a2200277 a 4500001000500000005001700005020002700022020001700049020001800066040002300084050002300107082001100130100002600141245008000167250002200247260004900269300004900318490002700367505000800394520028300402521003000685521002000715650003300735650002400768700003000792401820260119133625.0 a1592492827 (hardcover) a011475002413 a9781592492831 aDLCcDLCdDLCbeng00aPZ10.3.P3415b200400a595.761 aPfeffer, Wendyd1929-10aFirefly at Stonybrook Farm /cby Wendy Pfeffer ; illustrated by Larry Mikec aFirst Editon 2004 aNorwalk, Conecticut :bSoundprints, ;c2004. a31 pages : bcolor illustrations ;c12 cm .  aSmithsonian's Backyard aF  aIn the backyard of the big white house on Stonybrook Farm, Firefly crawls out of the ground and flies into the night sky. He joins other fireflies in the busy backyard. Can he use his flashing light to attract a mate? And what will happen when a little girl tries to catch him?  a350 bLexiile estimate  aF bRaz-Plus  0aFirefliesvJuvenile fiction. 1aFirefliesvFiction.1 aMikec, Larryeillustrator